Toxicology secrets
Sixty-four chapters, each written by a specialist in the field, use the question and answer format of this series to convey the material--in this instance, the important ideas and common poisons health care professionals might encounter in their practice--in an accessible, succinct fashion. The majo...
Shranjeno v:
| Format: | Knjiga |
|---|---|
| Jezik: | Undetermined |
| Izdano: |
Philadelphia
Hanley & Belfus
2001
|
| Teme: | |
| Oznake: |
Označite
Brez oznak, prvi označite!
|
| Thư viện lưu trữ: | Trung tâm Học liệu Trường Đại học Cần Thơ |
|---|
| LEADER | 01333nam a2200217Ia 4500 | ||
|---|---|---|---|
| 001 | CTU_151232 | ||
| 008 | 210402s9999 xx 000 0 und d | ||
| 020 | |c 42.95 | ||
| 082 | |a 615.9 | ||
| 082 | |b T755 | ||
| 245 | 0 | |a Toxicology secrets | |
| 245 | 0 | |c Louis Ling ... [et al.] | |
| 260 | |a Philadelphia | ||
| 260 | |b Hanley & Belfus | ||
| 260 | |c 2001 | ||
| 520 | |a Sixty-four chapters, each written by a specialist in the field, use the question and answer format of this series to convey the material--in this instance, the important ideas and common poisons health care professionals might encounter in their practice--in an accessible, succinct fashion. The major topic divisions include: general principles, over-the-counter drugs, prescription medications, antibiotics, cardiac drugs, psychopharmacologic medications, drugs of abuse, metals, chemicals, pesticides, gases, food poisoning, botanicals, envenomations, and toxic terrorist threats. In addition, the authors have provided extra-credit trivia questions to enliven the subject and allow the reader "to bask in the center of attention at cocktail parties." | ||
| 650 | |a Toxicology,Drugs,Toxicology | ||
| 650 | |x Miscellanea,Toxicology,Examination Questions | ||
| 650 | |y Miscellanea | ||
| 904 | |i Giang | ||
| 980 | |a Trung tâm Học liệu Trường Đại học Cần Thơ | ||